<?xml version="1.0" encoding="UTF-8"?>
<record
    xmlns:xsi="http://www.w3.org/2001/XMLSchema-instance"
    xsi:schemaLocation="http://www.loc.gov/MARC21/slim http://www.loc.gov/standards/marcxml/schema/MARC21slim.xsd"
    xmlns="http://www.loc.gov/MARC21/slim">

  <leader>00779nam a22002057a 4500</leader>
  <controlfield tag="005">20240917122401.0</controlfield>
  <datafield tag="010" ind1=" " ind2=" ">
    <subfield code="a">ENG-141744</subfield>
  </datafield>
  <datafield tag="020" ind1=" " ind2=" ">
    <subfield code="c">604.00</subfield>
    <subfield code="a">9789394406223</subfield>
  </datafield>
  <datafield tag="035" ind1=" " ind2=" ">
    <subfield code="a">EN-125276</subfield>
  </datafield>
  <datafield tag="037" ind1=" " ind2=" ">
    <subfield code="b">DBAD</subfield>
  </datafield>
  <datafield tag="082" ind1=" " ind2=" ">
    <subfield code="a">589.03</subfield>
  </datafield>
  <datafield tag="100" ind1=" " ind2=" ">
    <subfield code="a">Parihar, Arvind</subfield>
    <subfield code="9">71714</subfield>
  </datafield>
  <datafield tag="245" ind1=" " ind2=" ">
    <subfield code="a">Wood - Rotting Fungi of Koderma wildlife Sanctuary Jharkhand/</subfield>
    <subfield code="c">By Arvind Parihar; Manoj Emanuel Hembrom [and] Kanad Das</subfield>
  </datafield>
  <datafield tag="260" ind1=" " ind2=" ">
    <subfield code="a">Kolkata</subfield>
    <subfield code="b">The Director, Botenical Survey of India </subfield>
    <subfield code="c">2023</subfield>
  </datafield>
  <datafield tag="270" ind1=" " ind2=" ">
    <subfield code="b">Kolkata</subfield>
    <subfield code="a">CGO Complex, 3rd  MSO Building, Block-F, 5th &amp; 6th Floor DF Block, Sector 1,Salt Lake City</subfield>
    <subfield code="e">700064</subfield>
  </datafield>
  <datafield tag="300" ind1=" " ind2=" ">
    <subfield code="a">219p</subfield>
    <subfield code="c">25cm(hb)</subfield>
  </datafield>
  <datafield tag="700" ind1=" " ind2=" ">
    <subfield code="a">Hembrom, Manoj Emanuel </subfield>
    <subfield code="e">Author</subfield>
    <subfield code="9">71715</subfield>
  </datafield>
  <datafield tag="700" ind1=" " ind2=" ">
    <subfield code="a">Das , Kanad</subfield>
    <subfield code="e">Author</subfield>
    <subfield code="9">71716</subfield>
  </datafield>
  <datafield tag="942" ind1=" " ind2=" ">
    <subfield code="2">ddc</subfield>
    <subfield code="c">EN</subfield>
    <subfield code="h">589.03</subfield>
    <subfield code="m">PAR</subfield>
  </datafield>
  <datafield tag="999" ind1=" " ind2=" ">
    <subfield code="c">205812</subfield>
    <subfield code="d">205812</subfield>
  </datafield>
  <datafield tag="952" ind1=" " ind2=" ">
    <subfield code="0">0</subfield>
    <subfield code="1">0</subfield>
    <subfield code="4">0</subfield>
    <subfield code="7">0</subfield>
    <subfield code="8">NFIC</subfield>
    <subfield code="a">BL4</subfield>
    <subfield code="b">BL4</subfield>
    <subfield code="d">2024-09-17</subfield>
    <subfield code="e">DBAD</subfield>
    <subfield code="g">604.00</subfield>
    <subfield code="l">0</subfield>
    <subfield code="o">589.03 PAR</subfield>
    <subfield code="p">EN-125276</subfield>
    <subfield code="r">2024-09-17 00:00:00</subfield>
    <subfield code="t">1</subfield>
    <subfield code="v">604.00</subfield>
    <subfield code="w">2024-09-17</subfield>
    <subfield code="y">EN</subfield>
  </datafield>
</record>
